| 000 | 00595cam a2200181 a 4500 | ||
|---|---|---|---|
| 005 | 20250901165607.0 | ||
| 008 | 841012s1984 ilua b 001 0 eng | ||
| 010 | _a 83081777 | ||
| 020 | _a0256029849 | ||
| 050 | 0 | 0 |
_aHF5635.W458 1984 _b.W458 1984 |
| 082 | 0 | 0 |
_a657 _219 |
| 100 | 1 | _aWelsch, Glenn A. | |
| 245 | 1 | 0 |
_aFundamentals of financial accounting / _cGlenn A. Welsch, Robert N. Anthony, Daniel G. Short. |
| 250 | _a4th ed. | ||
| 260 |
_aHomewood, Ill. : _bR.D. Irwin, _c1984. |
||
| 300 |
_axix, 874 p. : _bill. (some col.) ; _c25 cm. |
||
| 942 |
_2lcc _hHF5635.W458 1984 |
||
| 999 |
_c6388 _d6388 |
||